000 00971nam a2200265Ia 4500
003 OSt
005 20221005103514.0
006 a|||||r|||| 00| 0
007 ta
008 221004b |||||||| |||| 00| 0 hin d
020 _a8131602753 (pbk)
_c295
024 _a16537
037 _bCBS/247, 28/01/2015, Classic Book Service
_cTextual
040 _aCRL
_cCRL
_bhin
041 _2hin
_ahin
082 _aY5927.2, 152P9
100 _aओमवेट, गेल
245 0 _aदलित और प्रजातान्त्रिक क्रान्ति
246 _aDalit aur prajātāntrik krānti
260 _aजयपुर
_bरावत पब्लिकेशन भारत
_c2009
300 _a333पृ0
_ccm.
650 _aभारतीय-लोक साहित्य
942 _hY5927.2, 152P9
_cTEXL
_2cc
999 _c1010231
_d1010231